| 000 | nam a22 7a 4500 | ||
|---|---|---|---|
| 999 |
_c49311 _d49311 |
||
| 003 | OSt | ||
| 005 | 20191122114337.0 | ||
| 008 | 191122b xxu||||| |||| 00| 0 eng d | ||
| 040 | _cIIMT UNIVERSITY | ||
| 100 | _aSINGH,AJMER & BAINS,JAGDISH | ||
| 245 | _aESSENTIALS OF PHYSICAL EDUCATION | ||
| 260 |
_aNEW DELHI _bKALYANI PUBLICATION _c2019 |
||
| 300 | _a1237 | ||
| 942 |
_2ddc _c02 _e6TH |
||